000 00656nam a2200229Ia 4500
008 180920s9999 xx 000 0 und d
020 _a978-971-538-280-9
050 _aFIL DS 685.8
050 _b.A2S46 2016
245 2 _aA sense of nation :
245 4 _bthe birthright of Rizal, Bonifacio, and Mabini /
245 0 _cedited by Maria Serena I. Diokno.
260 _aManila :
260 _bNational Historical Commission of the Philippines,
260 _c2016
300 _a144 pages :
300 _bcolored illustrations ;
300 _c26 cm.
650 _aMabini, Apolinario.
650 _aRizal, Jose.
650 _xBonifacio, Andres.
999 _c358798
_d358798